[Event "CAN-op U2200"]
[Site "Sault Ste Marie CAN"]
[Date "2017.07.12"]
[Round "3"]
[White "Lambruschini, Alex"]
[Black "Groot-Lipman, Jeff"]
[Result "1-0"]
[WhiteElo "1837"]
[BlackElo "1909"]
[WhiteFideId "-1"]
[WhiteFideId "-1"]
[PlyCount "89"]
[GameId "2160767908344254"]
[EventDate "2017.07.08"]
[EventType "swiss"]
[EventRounds "9"]
[EventCountry "CAN"]
[SourceTitle "EXT 2022"]
[Source "ChessBase"]
[SourceDate "2021.10.06"]
[SourceVersion "1"]
[SourceVersionDate "2021.10.06"]
[SourceQuality "1"]

1. d4 e6 2. c4 b6 3. Nf3 Bb7 4. g3 f5 5. Bg2 Nf6 6. O-O Be7 7. Nbd2 O-O 8. b3 Qe8 9. Bb2 Qh5 10. Rc1 Na6 11. a3 g5 12. Qc2 Ne4 13. Nxe4 Bxe4 14. Qd1 g4 15. Nd2 Bxg2 16. Kxg2 Qh3+ 17. Kg1 Rf6 18. Re1 Rh6 19. Nf1 Rf8 20. e3 d6 21. b4 c5 22. Qa4 cxd4 23. Qxa6 dxe3 24. fxe3 e5 25. Qxa7 Bg5 26. Qxb6 f4 27. exf4 exf4 28. Qb7 Bf6 29. Qd5+ Kh8 30. Bxf6+ Rhxf6 31. Qg2 f3 32. Qf2 Kg8 33. Ne3 Re6 34. Nd5 Re5 35. Nf4 Qh6 36. c5 Rfe8 37. cxd6 Qxd6 38. Red1 Qe7 39. Rc5 Re3 40. Nd5 Re1+ 41. Rxe1 Qxe1+ 42. Qxe1 Rxe1+ 43. Kf2 Re2+ 44. Kf1 Ra2 45. Nf6+ 1-0

[Event "CAN-op U2200"]
[Site "Sault Ste Marie CAN"]
[Date "2017.07.12"]
[Round "3"]
[White "Li, Eric M"]
[Black "Villeneuve, Robert"]
[Result "1/2-1/2"]
[WhiteElo "1992"]
[BlackElo "1865"]
[WhiteFideId "-1"]
[WhiteFideId "-1"]
[PlyCount "161"]
[GameId "2160767908344255"]
[EventDate "2017.07.08"]
[EventType "swiss"]
[EventRounds "9"]
[EventCountry "CAN"]
[SourceTitle "EXT 2022"]
[Source "ChessBase"]
[SourceDate "2021.10.06"]
[SourceVersion "1"]
[SourceVersionDate "2021.10.06"]
[SourceQuality "1"]

1. d4 d5 2. Bf4 Nf6 3. Nf3 c5 4. e3 Nc6 5. c3 e6 6. Nbd2 Bd6 7. Bg3 O-O 8. Ne5 Qe7 9. Bd3 Bxe5 10. dxe5 Nd7 11. f4 f6 12. exf6 Nxf6 13. O-O e5 14. Qe2 Bg4 15. Qf2 Rad8 16. Bh4 Qd6 17. h3 Bc8 18. Rad1 Kh8 19. Bb1 Rde8 20. Qf3 exf4 21. exf4 d4 22. Bxf6 Qxf6 23. Ne4 Qe7 24. Rde1 Bf5 25. Qg3 Bxe4 26. Bxe4 Qf6 27. Qf3 Rd8 28. Qh5 Qh6 29. Qxc5 Rxf4 30. Rxf4 Qxf4 31. Bxc6 bxc6 32. Qxd4 Qc7 33. Qe3 h6 34. Kh1 Qd7 35. a3 Kg8 36. Qe6+ Qxe6 37. Rxe6 Rd2 38. b4 Ra2 39. Rxc6 Rxa3 40. Rc7 a5 41. bxa5 Rxa5 42. Kg1 Ra2 43. Kh2 Kh7 44. Kg3 Kg6 45. c4 Rc2 46. c5 Kf6 47. Rc8 Rc3+ 48. Kf4 g5+ 49. Kg4 Rc4+ 50. Kf3 Rc3+ 51. Ke4 Rg3 52. c6 Ke6 53. Rh8 Kd6 54. Rxh6+ Kc7 55. Rg6 Rxg2 56. Kf3 Rc2 57. Kg4 Rg2+ 58. Kf5 Rg3 59. Rh6 Rg1 60. Ke4 Rg2 61. Kd5 Rd2+ 62. Kc5 Rc2+ 63. Kd5 Rd2+ 64. Ke5 Rg2 65. Kf5 Rg3 66. Ke4 Rg2 67. Kf3 Rc2 68. Rg6 Rxc6 69. Rxg5 Kd7 70. h4 Rc4 71. Kg3 Ke7 72. Rf5 Ke6 73. Rf1 Rc7 74. Kg4 Rf7 75. Ra1 Kf6 76. Ra6+ Kg7 77. Kg5 Rb7 78. Ra5 Rc7 79. h5 Rb7 80. h6+ Kh7 81. Kh5 1/2-1/2

[Event "CAN-op U2200"]
[Site "Sault Ste Marie CAN"]
[Date "2017.07.12"]
[Round "3"]
[White "Ning, Eric"]
[Black "Zapata, Julian"]
[Result "1/2-1/2"]
[WhiteElo "1922"]
[BlackElo "1876"]
[WhiteFideId "-1"]
[WhiteFideId "-1"]
[PlyCount "60"]
[GameId "2160767908344256"]
[EventDate "2017.07.08"]
[EventType "swiss"]
[EventRounds "9"]
[EventCountry "CAN"]
[SourceTitle "EXT 2022"]
[Source "ChessBase"]
[SourceDate "2021.10.06"]
[SourceVersion "1"]
[SourceVersionDate "2021.10.06"]
[SourceQuality "1"]

1. d4 Nf6 2. c4 g6 3. Nc3 Bg7 4. e4 d6 5. Nf3 Bg4 6. Be2 Nc6 7. Be3 O-O 8. O-O Nd7 9. Qd2 e5 10. d5 Ne7 11. h3 Bxf3 12. Bxf3 f5 13. Qc2 fxe4 14. Nxe4 Nf5 15. Qd2 Nxe3 16. Qxe3 Nf6 17. g3 Nxe4 18. Bxe4 Qd7 19. Kh2 b6 20. b4 a5 21. a3 axb4 22. axb4 Ra4 23. Qd2 Rfa8 24. Qb2 Qc8 25. Rxa4 Rxa4 26. Ra1 Qa6 27. Rxa4 Qxa4 28. Bc2 Qa7 29. Bb3 e4 30. Qa2 Qxa2 1/2-1/2

[Event "CAN-op U2200"]
[Site "Sault Ste Marie CAN"]
[Date "2017.07.12"]
[Round "3"]
[White "Ranola, Alberto"]
[Black "Wu, Chenxi"]
[Result "1-0"]
[WhiteElo "2075"]
[BlackElo "1904"]
[WhiteFideId "-1"]
[WhiteFideId "-1"]
[PlyCount "67"]
[GameId "2160767908344257"]
[EventDate "2017.07.08"]
[EventType "swiss"]
[EventRounds "9"]
[EventCountry "CAN"]
[SourceTitle "EXT 2022"]
[Source "ChessBase"]
[SourceDate "2021.10.06"]
[SourceVersion "1"]
[SourceVersionDate "2021.10.06"]
[SourceQuality "1"]

1. Nf3 Nf6 2. c4 e6 3. Nc3 b6 4. g3 Bb7 5. Bg2 Be7 6. O-O O-O 7. d4 d5 8. Ne5 Nbd7 9. Qa4 c5 10. cxd5 cxd4 11. Nxd7 Nxd7 12. d6 Bxg2 13. Kxg2 dxc3 14. dxe7 Qxe7 15. bxc3 Nc5 16. Qb4 Qb7+ 17. f3 Rfd8 18. Be3 Nd7 19. Rfd1 Nf6 20. c4 h6 21. a4 Qc7 22. Rac1 Rxd1 23. Rxd1 Rc8 24. Rc1 Qe5 25. Qd2 Rc6 26. Kf2 Qf5 27. Kg2 e5 28. a5 e4 29. axb6 axb6 30. Bxb6 exf3+ 31. exf3 Qe6 32. Bf2 Rxc4 33. Qd8+ Kh7 34. Qd3+ 1-0

[Event "CAN-op U2200"]
[Site "Sault Ste Marie CAN"]
[Date "2017.07.12"]
[Round "3"]
[White "Rowlinson, Terry"]
[Black "Zhao, Ian"]
[Result "0-1"]
[WhiteElo "1837"]
[BlackElo "1930"]
[WhiteFideId "-1"]
[WhiteFideId "-1"]
[PlyCount "74"]
[GameId "2160767908344258"]
[EventDate "2017.07.08"]
[EventType "swiss"]
[EventRounds "9"]
[EventCountry "CAN"]
[SourceTitle "EXT 2022"]
[Source "ChessBase"]
[SourceDate "2021.10.06"]
[SourceVersion "1"]
[SourceVersionDate "2021.10.06"]
[SourceQuality "1"]

1. d4 Nf6 2. Nf3 g6 3. Nc3 d5 4. Bf4 Bg7 5. e3 O-O 6. Be2 c6 7. h4 Nbd7 8. Ne5 h5 9. g4 Nxe5 10. Bxe5 Bxg4 11. Bxf6 Bxe2 12. Qxe2 Bxf6 13. O-O-O Qd6 14. Rdg1 Bg7 15. Qf3 Qf6 16. Qg3 e5 17. dxe5 Qxe5 18. Qxe5 Bxe5 19. Ne2 Rfe8 20. Rg2 Kh7 21. Rhg1 Bf6 22. Rh1 Re4 23. Nf4 d4 24. Rg3 Rae8 25. Ng2 dxe3 26. fxe3 Bd8 27. Rf3 R8e7 28. Kd2 Bc7 29. Kd3 R4e5 30. Rhf1 Kg7 31. c3 Bb6 32. Re1 Re4 33. Ref1 Rg4 34. R1f2 Bc7 35. Rh3 Ree4 36. Nf4 f5 37. Rg2 Rexf4 0-1

[Event "CAN-op U2200"]
[Site "Sault Ste Marie CAN"]
[Date "2017.07.12"]
[Round "3"]
[White "Selling, Edward"]
[Black "Ehab, Mohamed"]
[Result "0-1"]
[WhiteElo "1845"]
[BlackElo "2057"]
[WhiteFideId "-1"]
[WhiteFideId "-1"]
[PlyCount "76"]
[GameId "2160767908344259"]
[EventDate "2017.07.08"]
[EventType "swiss"]
[EventRounds "9"]
[EventCountry "CAN"]
[SourceTitle "EXT 2022"]
[Source "ChessBase"]
[SourceDate "2021.10.06"]
[SourceVersion "1"]
[SourceVersionDate "2021.10.06"]
[SourceQuality "1"]

1. d4 Nf6 2. Nf3 g6 3. Bf4 Bg7 4. c3 O-O 5. e3 d6 6. h3 Nfd7 7. Bc4 e5 8. Bg5 Qe8 9. dxe5 dxe5 10. O-O Nb6 11. Bb3 a5 12. a3 N8d7 13. Nbd2 Nc5 14. Bc2 a4 15. Qe2 Be6 16. e4 h6 17. Be3 Qc6 18. Rfe1 Rad8 19. Bxc5 Qxc5 20. Rad1 f5 21. exf5 Bxf5 22. Bxf5 gxf5 23. Nf1 e4 24. Rxd8 Rxd8 25. N3d2 Nd5 26. Qc4 Qxc4 27. Nxc4 Nf4 28. Nce3 Nd3 29. Rd1 Rf8 30. Rd2 b5 31. Nd5 c5 32. Ne7+ Kh7 33. Ng3 b4 34. axb4 cxb4 35. cxb4 Bxb2 36. Nexf5 a3 37. Ne3 a2 38. Nc2 Rc8 0-1

[Event "CAN-op U2200"]
[Site "Sault Ste Marie CAN"]
[Date "2017.07.12"]
[Round "3"]
[White "Shah, Omar"]
[Black "Javidfard, Amirsalar"]
[Result "0-1"]
[WhiteElo "1879"]
[BlackElo "1958"]
[WhiteFideId "-1"]
[WhiteFideId "-1"]
[PlyCount "78"]
[GameId "2160767908344260"]
[EventDate "2017.07.08"]
[EventType "swiss"]
[EventRounds "9"]
[EventCountry "CAN"]
[SourceTitle "EXT 2022"]
[Source "ChessBase"]
[SourceDate "2021.10.06"]
[SourceVersion "1"]
[SourceVersionDate "2021.10.06"]
[SourceQuality "1"]

1. Nf3 Nf6 2. b3 g6 3. Bb2 Bg7 4. c4 O-O 5. d3 c5 6. Nbd2 Nc6 7. e3 d5 8. cxd5 Qxd5 9. a3 b6 10. Qc2 Ba6 11. Nc4 Rac8 12. Be2 Rfd8 13. O-O b5 14. Ncd2 b4 15. Nc4 Bxc4 16. bxc4 Qd7 17. Ne5 Nxe5 18. Bxe5 a5 19. axb4 axb4 20. Ra5 Qe6 21. Bb2 Nd7 22. Bxg7 Kxg7 23. Qb2+ Kg8 24. d4 cxd4 25. exd4 Nb6 26. d5 Qe4 27. c5 Nxd5 28. Bf3 Qc4 29. Bxd5 Rxd5 30. Rc1 Rcd8 31. f3 Rd1+ 32. Rxd1 Rxd1+ 33. Kf2 Qh4+ 34. Ke3 Qe1+ 35. Kf4 e5+ 36. Kg5 Kg7 37. g3 Rd4 38. f4 Qd1 39. g4 Qe1 0-1

[Event "CAN-op U2200"]
[Site "Sault Ste Marie CAN"]
[Date "2017.07.12"]
[Round "3"]
[White "Xu, Ruoying"]
[Black "Kuryliw, Ray"]
[Result "1-0"]
[WhiteElo "2064"]
[BlackElo "1838"]
[WhiteFideId "-1"]
[WhiteFideId "-1"]
[PlyCount "105"]
[GameId "2160767908344261"]
[EventDate "2017.07.08"]
[EventType "swiss"]
[EventRounds "9"]
[EventCountry "CAN"]
[SourceTitle "EXT 2022"]
[Source "ChessBase"]
[SourceDate "2021.10.06"]
[SourceVersion "1"]
[SourceVersionDate "2021.10.06"]
[SourceQuality "1"]

1. d4 Nf6 2. Nf3 g6 3. g3 Bg7 4. Bg2 O-O 5. c4 c5 6. Nc3 cxd4 7. Nxd4 Nc6 8. Nb3 d6 9. O-O Bd7 10. Bg5 Na5 11. Qd3 Be6 12. Nd5 Bxd5 13. cxd5 Nxb3 14. Qxb3 Qd7 15. e4 Rfc8 16. h3 Rc7 17. Be3 b6 18. e5 Ne8 19. e6 Qd8 20. exf7+ Kxf7 21. h4 Nf6 22. Bd4 Qd7 23. Rfe1 Qf5 24. Re2 Qg4 25. Qd3 Ne8 26. Bxg7 Nxg7 27. Re4 Qd7 28. Rae1 Rf8 29. Bf3 Kg8 30. Bg4 Qd8 31. Qe2 Rf7 32. h5 gxh5 33. Bxh5 Nxh5 34. Qxh5 Qf8 35. Qg4+ Kh8 36. Qe2 a6 37. b4 b5 38. Qe3 Qg7 39. Rf4 Rxf4 40. Qxf4 Rc4 41. Qf5 Rc7 42. Re4 Qh6 43. Rh4 Qg7 44. Qh5 Rc8 45. Qf5 Rf8 46. Rxh7+ Qxh7 47. Qxf8+ Qg8 48. Qxg8+ Kxg8 49. Kg2 Kf7 50. Kf3 Kg6 51. Kf4 Kf6 52. g4 Kg6 53. g5 1-0

[Event "CAN-op U2200"]
[Site "Sault Ste Marie CAN"]
[Date "2017.07.12"]
[Round "3.21"]
[White "Warusawitharana, Missaka N"]
[Black "Calvelo, Jelvis"]
[Result "0-1"]
[WhiteElo "2178"]
[BlackElo "2187"]
[WhiteFideId "-1"]
[WhiteFideId "-1"]
[PlyCount "144"]
[GameId "2160767908344262"]
[EventDate "2017.07.08"]
[EventType "swiss"]
[EventRounds "9"]
[EventCountry "CAN"]
[SourceTitle "EXT 2022"]
[Source "ChessBase"]
[SourceDate "2021.10.06"]
[SourceVersion "1"]
[SourceVersionDate "2021.10.06"]
[SourceQuality "1"]

1. e4 e6 2. d3 d5 3. Nd2 Nf6 4. Ngf3 Nc6 5. g3 dxe4 6. dxe4 Nd4 7. Bg2 Nxf3+ 8. Qxf3 e5 9. O-O Bb4 10. Nc4 Qe7 11. Bg5 h6 12. Bxf6 gxf6 13. Ne3 c6 14. Rad1 Be6 15. a3 Bc5 16. Ng4 Bxg4 17. Qxg4 Bd6 18. c4 h5 19. Qg7 O-O-O 20. c5 Bxc5 21. Rxd8+ Qxd8 22. Qxf7 h4 23. Bh3+ Kb8 24. Bd7 hxg3 25. hxg3 Rf8 26. Qh7 Qc7 27. Qf5 Rd8 28. Be6 Qg7 29. Kg2 Rd2 30. b4 Bd4 31. Bc4 b5 32. Bb3 Kc7 33. a4 Rb2 34. Qe6 Qh7 35. Kf3 Qd7 36. Qg8 bxa4 37. Bxa4 Bb6 38. Qc4 f5 39. exf5 Qxf5+ 40. Kg2 Rxf2+ 41. Rxf2 Qxf2+ 42. Kh3 Qf5+ 43. Kg2 Qd7 44. Kf3 Qd5+ 45. Qe4 Kd6 46. Bc2 Bd4 47. g4 Bc3 48. g5 Bxb4 49. g6 Ke7 50. Kg4 Qxe4+ 51. Bxe4 Kf6 52. Kh5 Bf8 53. Bxc6 Kf5 54. Be8 e4 55. Kh4 Kf4 56. Kh3 Kf3 57. Bc6 Bg7 58. Kh2 Bd4 59. Kh3 Be5 60. Kh4 Kf4 61. Kh3 Kf3 62. Kh4 Ke3 63. Kg4 Kd4 64. Bb5 a5 65. Bc6 Bg7 66. Kf4 Bh6+ 67. Kg4 Kd3 68. Kf5 e3 69. Ke5 Kc4 70. Bb7 Kc3 71. Ba6 a4 72. Ke4 a3 0-1

[Event "CAN-op U2200"]
[Site "Sault Ste Marie CAN"]
[Date "2017.07.12"]
[Round "3.23"]
[White "Saine, Zachary"]
[Black "Gaisinsky, Adam"]
[Result "1/2-1/2"]
[WhiteElo "1966"]
[BlackElo "2056"]
[WhiteFideId "-1"]
[WhiteFideId "-1"]
[PlyCount "79"]
[GameId "2160767908344263"]
[EventDate "2017.07.08"]
[EventType "swiss"]
[EventRounds "9"]
[EventCountry "CAN"]
[SourceTitle "hb 2017"]

1. e4 c6 2. d4 d5 3. e5 Bf5 4. Ne2 e6 5. Ng3 Bg6 6. h4 h6 7. h5 Bh7 8. Bd3 Bxd3 9. cxd3 Nd7 10. Be3 Qb6 11. Nd2 c5 12. Qg4 Qb5 13. Qe2 Ne7 14. dxc5 Nxe5 15. d4 Qxe2+ 16. Kxe2 N5c6 17. b4 Nxb4 18. Rab1 Nxa2 19. Rb2 Nc3+ 20. Kd3 Ne4 21. Ndxe4 dxe4+ 22. Nxe4 Nc6 23. Rxb7 O-O-O 24. Rhb1 f5 25. Nd6+ Bxd6 26. cxd6 Rxd6 27. f4 Rg8 28. g3 Rd7 29. Rxd7 Kxd7 30. Rb7+ Ke8 31. d5 exd5 32. Bxa7 Nxa7 33. Rxa7 g6 34. Ra8+ Kf7 35. Rxg8 Kxg8 36. Kd4 Kf7 37. Kxd5 Kf6 38. hxg6 Kxg6 39. Ke5 Kh5 40. Kxf5 1/2-1/2

[Event "CAN-op U2200"]
[Site "Sault Ste Marie CAN"]
[Date "2017.07.12"]
[Round "3.24"]
[White "Piccinin, Mario"]
[Black "Konovalenko, Sasha"]
[Result "1/2-1/2"]
[WhiteElo "1826"]
[BlackElo "1982"]
[WhiteFideId "-1"]
[WhiteFideId "-1"]
[PlyCount "103"]
[GameId "2160767908344264"]
[EventDate "2017.07.08"]
[EventType "swiss"]
[EventRounds "9"]
[EventCountry "CAN"]
[SourceTitle "hb 2017"]

1. f4 d5 2. Nf3 Nf6 3. e3 g6 4. Be2 Bg7 5. O-O O-O 6. d3 c5 7. Nc3 Nc6 8. Qe1 Ng4 9. e4 d4 10. Nd1 Nb4 11. Qd2 e5 12. a3 Nc6 13. f5 Re8 14. Ng5 Nf6 15. fxg6 fxg6 16. Qe1 h6 17. Nf3 Be6 18. Nh4 Bf7 19. Qg3 Kh7 20. Nf2 Qe7 21. Nh3 Rf8 22. Bd2 a6 23. Rf2 b5 24. Raf1 Be8 25. Bg4 Nxg4 26. Rxf8 Bxf8 27. Qxg4 Bg7 28. Qg3 Bf7 29. Nf2 Rf8 30. h3 Be8 31. Nf3 Bd7 32. Ng4 a5 33. c3 dxc3 34. Bxc3 Bxg4 35. Qxg4 b4 36. Be1 Bf6 37. Nh4 Bxh4 38. Rxf8 Qxf8 39. Bxh4 Qf7 40. Bf2 Nd4 41. Bxd4 cxd4 42. Qc8 Qe7 43. axb4 axb4 44. Qc4 Kg7 45. b3 h5 46. g3 Kh7 47. Kg2 Kg7 48. Kh2 Kh8 49. Qc8+ Kg7 50. Qc4 Kh7 51. Kg2 Kg7 52. Kh1 1/2-1/2

[Event "CAN-op U2200"]
[Site "Sault Ste Marie CAN"]
[Date "2017.07.12"]
[Round "3.25"]
[White "Kuttner, Simon"]
[Black "Wang, Jeff"]
[Result "1-0"]
[WhiteElo "2040"]
[BlackElo "1939"]
[WhiteFideId "-1"]
[WhiteFideId "-1"]
[PlyCount "77"]
[GameId "2160767908344265"]
[EventDate "2017.07.08"]
[EventType "swiss"]
[EventRounds "9"]
[EventCountry "CAN"]
[SourceTitle "hb 2017"]

1. e4 c5 2. Nc3 Nc6 3. g3 g6 4. Bg2 Bg7 5. d3 e6 6. Be3 b6 7. Nge2 Nge7 8. O-O O-O 9. d4 cxd4 10. Nxd4 a6 11. Qd2 Ne5 12. b3 Qc7 13. h3 d6 14. Rad1 Bb7 15. f4 N5c6 16. Nde2 Rfd8 17. Na4 Nc8 18. f5 exf5 19. exf5 gxf5 20. Rxf5 Ne5 21. Rdf1 Bxg2 22. Kxg2 Qc6+ 23. Kh2 Ne7 24. R5f2 b5 25. Nd4 Qb7 26. Nc3 Rac8 27. Bg5 h6 28. Bxe7 Qxe7 29. Nf5 Qg5 30. Qxg5 hxg5 31. Ne7+ Kf8 32. Nxc8 Rxc8 33. Ne4 g4 34. Nxd6 Rc6 35. Nf5 Rc5 36. Nxg7 Kxg7 37. Kg2 f5 38. Rxf5 Rxc2+ 39. R1f2 1-0

[Event "CAN-op U2200"]
[Site "Sault Ste Marie CAN"]
[Date "2017.07.12"]
[Round "4"]
[White "Calvelo, Jelvis"]
[Black "Aniunoh, Chike Jude"]
[Result "0-1"]
[WhiteElo "2187"]
[BlackElo "2153"]
[WhiteFideId "-1"]
[WhiteFideId "-1"]
[PlyCount "140"]
[GameId "2160767908344267"]
[EventDate "2017.07.08"]
[EventType "swiss"]
[EventRounds "9"]
[EventCountry "CAN"]
[SourceTitle "EXT 2022"]
[Source "ChessBase"]
[SourceDate "2021.10.06"]
[SourceVersion "1"]
[SourceVersionDate "2021.10.06"]
[SourceQuality "1"]

1. c4 Nf6 2. Nf3 d6 3. d4 g6 4. g3 Bg7 5. Bg2 O-O 6. O-O Nc6 7. Nc3 Na5 8. b3 c5 9. Bb2 Bf5 10. e3 Rb8 11. h3 Nc6 12. Nh4 Bd7 13. Nd5 cxd4 14. exd4 Nxd5 15. cxd5 Nb4 16. Qd2 Na6 17. Rfe1 Rc8 18. Rac1 Bf6 19. Nf3 Rxc1 20. Rxc1 Qb6 21. Nh2 Rc8 22. Rxc8+ Bxc8 23. Nf1 Bd7 24. Ne3 Qc7 25. h4 h5 26. Bf1 Nb8 27. Bd3 Bg7 28. Bb1 Bh6 29. f4 Be8 30. Kg2 Nd7 31. Qc2 Qxc2+ 32. Bxc2 Nf6 33. Bd3 Bd7 34. Kf3 Bc8 35. a4 Ng4 36. Nxg4 Bxg4+ 37. Kf2 Bd1 38. Bc4 Kg7 39. a5 a6 40. b4 Kf6 41. b5 axb5 42. Bxb5 Bb3 43. Bc3 Bxd5 44. Bd3 Ke6 45. f5+ Kf6 46. fxg6 fxg6 47. Bc2 Kf7 48. Ke2 Be6 49. Be4 d5 50. Bd3 Bg4+ 51. Kf2 Bc1 52. Bc2 Ba3 53. Bb3 Ke6 54. Ba4 Bd6 55. Bb5 Bf5 56. Bf1 Bb8 57. Bb5 Be4 58. Bf1 Kf6 59. Bh3 Bd3 60. Bc8 Ba6 61. g4 hxg4 62. Bxg4 e5 63. h5 gxh5 64. Bxh5 Ba7 65. Ke3 e4 66. Bb4 Bb8 67. Be8 Bh2 68. Kf2 Bf4 69. Bd7 Bc1 70. Be1 e3+ 0-1

[Event "CAN-op U2200"]
[Site "Sault Ste Marie CAN"]
[Date "2017.07.12"]
[Round "4"]
[White "Drkulec, Vladimir"]
[Black "Xu, Ruoying"]
[Result "1/2-1/2"]
[WhiteElo "2000"]
[BlackElo "2064"]
[WhiteFideId "-1"]
[WhiteFideId "-1"]
[PlyCount "72"]
[GameId "2160767739780348"]
[EventDate "2017.07.08"]
[EventType "swiss"]
[EventRounds "9"]
[EventCountry "CAN"]
[SourceTitle "EXT 2022"]
[Source "ChessBase"]
[SourceDate "2021.10.06"]
[SourceVersion "1"]
[SourceVersionDate "2021.10.06"]
[SourceQuality "1"]

1. d4 c5 2. Nf3 Nf6 3. c4 g6 4. Nc3 cxd4 5. Nxd4 Nc6 6. g3 Bg7 7. Bg2 O-O 8. O-O Qb6 9. Nc2 d6 10. Rb1 Bf5 11. h3 Ne5 12. e4 Be6 13. b3 Nc6 14. Bb2 a5 15. Ne3 Rae8 16. Re1 Qd8 17. Ncd5 Bxd5 18. Nxd5 Nxd5 19. exd5 Nb4 20. Bxg7 Kxg7 21. a3 Na6 22. Qd4+ Kg8 23. b4 axb4 24. axb4 Qc7 25. h4 Rc8 26. Bf1 e5 27. dxe6 fxe6 28. h5 e5 29. Qg4 Qg7 30. Bg2 Rc7 31. hxg6 Qxg6 32. Qh4 Qf5 33. Be4 Qf6 34. Qh2 Rg7 35. Re2 Kh8 36. Kg2 Nc7 {illisible} 1/2-1/2

[Event "CAN-op U2200"]
[Site "Sault Ste Marie CAN"]
[Date "2017.07.12"]
[Round "4"]
[White "Ehab, Mohamed"]
[Black "Aird, Ian"]
[Result "1-0"]
[WhiteElo "2057"]
[BlackElo "1978"]
[WhiteFideId "-1"]
[WhiteFideId "-1"]
[PlyCount "78"]
[GameId "2160767908344268"]
[EventDate "2017.07.08"]
[EventType "swiss"]
[EventRounds "9"]
[EventCountry "CAN"]
[SourceTitle "EXT 2022"]
[Source "ChessBase"]
[SourceDate "2021.10.06"]
[SourceVersion "1"]
[SourceVersionDate "2021.10.06"]
[SourceQuality "1"]

1. e4 e5 2. Nf3 Nc6 3. d4 exd4 4. Bc4 Bc5 5. c3 Qf6 6. O-O d6 7. cxd4 Nxd4 8. Nxd4 Qxd4 9. Qb3 Qf6 10. e5 Qg6 11. Re1 Ne7 12. Nc3 O-O 13. Ne4 Nc6 14. Bd3 Bf5 15. Nxc5 dxc5 16. Bxf5 Qxf5 17. Qxb7 Nxe5 18. Qxc7 Nd3 19. Rf1 Rfe8 20. Be3 Nxb2 21. Qxc5 Qxc5 22. Bxc5 a5 23. Rab1 Rab8 24. Bd6 Rb7 25. Rfc1 Rd7 26. Bg3 Nd3 27. Rd1 Nc5 28. Rxd7 Nxd7 29. Kf1 g6 30. Rb5 a4 31. Rb4 Nc5 32. Rb8 Rxb8 33. Bxb8 f5 34. Ke2 Kf7 35. Ba7 Ne4 36. Kd3 Nd6 37. Bb8 Ne4 38. f3 Nc5+ 39. Kc4 Nd7 1-0

[Event "CAN-op U2200"]
[Site "Sault Ste Marie CAN"]
[Date "2017.07.12"]
[Round "4"]
[White "Gaisinsky, Adam"]
[Black "Piccinin, Mario"]
[Result "0-1"]
[WhiteElo "2056"]
[BlackElo "1826"]
[WhiteFideId "-1"]
[WhiteFideId "-1"]
[PlyCount "76"]
[GameId "2160767908344269"]
[EventDate "2017.07.08"]
[EventType "swiss"]
[EventRounds "9"]
[EventCountry "CAN"]
[SourceTitle "EXT 2022"]
[Source "ChessBase"]
[SourceDate "2021.10.06"]
[SourceVersion "1"]
[SourceVersionDate "2021.10.06"]
[SourceQuality "1"]

1. e4 Nc6 2. Nf3 f5 3. exf5 d5 4. d4 Bxf5 5. Bd3 Qd7 6. c3 Nf6 7. O-O O-O-O 8. b4 Re8 9. b5 Nd8 10. Ne5 Qe6 11. Re1 Bxd3 12. Qxd3 Nf7 13. Nd2 Nxe5 14. Rxe5 Qb6 15. c4 Nd7 16. Rxd5 e6 17. Rg5 g6 18. Bb2 Bh6 19. c5 Qa5 20. Nc4 Qa4 21. Rg3 a6 22. bxa6 Qxa6 23. Qc2 Kb8 24. Ra3 Qb5 25. Rb1 Qc6 26. Na5 Qd5 27. Nxb7 Kxb7 28. Bc1+ Kc8 29. Bxh6 Nb8 30. Be3 Nc6 31. Qd2 Kd7 32. f3 Rhf8 33. Rd3 Ra8 34. a3 Ra4 35. Bf2 g5 36. Rbb3 Rfa8 37. Qb2 Na5 38. Rb4 Nc4 0-1

[Event "CAN-op U2200"]
[Site "Sault Ste Marie CAN"]
[Date "2017.07.12"]
[Round "4"]
[White "Groot-Lipman, Jeff"]
[Black "Botez, Andrea"]
[Result "1-0"]
[WhiteElo "1909"]
[BlackElo "1887"]
[WhiteFideId "-1"]
[WhiteFideId "-1"]
[PlyCount "111"]
[GameId "2160767908344270"]
[EventDate "2017.07.08"]
[EventType "swiss"]
[EventRounds "9"]
[EventCountry "CAN"]
[SourceTitle "EXT 2022"]
[Source "ChessBase"]
[SourceDate "2021.10.06"]
[SourceVersion "1"]
[SourceVersionDate "2021.10.06"]
[SourceQuality "1"]

1. e4 d6 2. d4 g6 3. Be3 Bg7 4. Qd2 Nc6 5. Nc3 e5 6. d5 Nb8 7. Nf3 Nf6 8. Bh6 O-O 9. Bxg7 Kxg7 10. Be2 Nbd7 11. h3 Nc5 12. Qe3 a5 13. Nd2 Bd7 14. g4 h6 15. f4 exf4 16. Qxf4 Rb8 17. h4 Nh7 18. Nf3 Qf6 19. Qg3 g5 20. O-O-O Rfe8 21. Rdf1 Qe7 22. Nd2 b5 23. Bd3 b4 24. Nd1 Nf6 25. hxg5 hxg5 26. Ne3 Nfxe4 27. Nxe4 Nxe4 28. Qf3 Nf6 29. Nf5+ Bxf5 30. Qxf5 Qe5 31. Rh7+ Kg8 32. Qxf6 Qxf6 33. Rxf6 Re7 34. Rfh6 Rbe8 35. Rh5 Re5 36. Rh8+ Kg7 37. Rxe8 Rxe8 38. Rxg5+ Kf6 39. Rf5+ Kg7 40. Kd2 Rh8 41. Ke3 Rh3+ 42. Kd4 Rg3 43. g5 Rg1 44. Kc4 Rb1 45. b3 Ra1 46. Kb5 Rxa2 47. Kc6 a4 48. bxa4 Rxa4 49. Kxc7 Ra1 50. Kxd6 Rd1 51. Bc4 Rd4 52. Bb3 Rg4 53. Kc7 Kg6 54. Rf6+ Kg7 55. d6 Rxg5 56. Rxf7+ 1-0

[Event "CAN-op U2200"]
[Site "Sault Ste Marie CAN"]
[Date "2017.07.12"]
[Round "4"]
[White "Kang, Dorian"]
[Black "Saine, Zachary"]
[Result "1-0"]
[WhiteElo "2026"]
[BlackElo "1966"]
[WhiteFideId "-1"]
[WhiteFideId "-1"]
[PlyCount "125"]
[GameId "2160767908344272"]
[EventDate "2017.07.08"]
[EventType "swiss"]
[EventRounds "9"]
[EventCountry "CAN"]
[SourceTitle "EXT 2022"]
[Source "ChessBase"]
[SourceDate "2021.10.06"]
[SourceVersion "1"]
[SourceVersionDate "2021.10.06"]
[SourceQuality "1"]

1. c4 e6 2. Nc3 d5 3. d4 c6 4. e4 dxe4 5. Nxe4 Bb4+ 6. Nc3 Nf6 7. Nf3 Nbd7 8. Bg5 Qa5 9. Qc2 Ne4 10. Bd2 Nxd2 11. Nxd2 Nf6 12. Be2 Bxc3 13. bxc3 O-O 14. O-O Qc7 15. Nf3 c5 16. Ne5 b6 17. Bf3 Bb7 18. Bxb7 Qxb7 19. Rad1 Rfd8 20. Rd3 Qe4 21. f3 Qf5 22. Qd2 h5 23. Nc6 Rd7 24. Re1 Rc8 25. Ne5 Rd6 26. Ree3 Rcd8 27. Re1 Nd7 28. f4 cxd4 29. Rxd4 Nxe5 30. Rxd6 Rxd6 31. Qxd6 Nd3 32. Rf1 Kh7 33. h3 h4 34. Kh1 Nc5 35. Qe5 Kg6 36. Qc7 Ne4 37. Kh2 Ng3 38. Re1 Qd3 39. Qe7 Nf5 40. Qg5+ Kh7 41. Qh5+ Kg8 42. Rd1 Qg3+ 43. Kh1 Qxh3+ 44. gxh3 Ng3+ 45. Kg2 Nxh5 46. Kf3 Nf6 47. Rd8+ Kh7 48. Ra8 e5 49. fxe5 Nd7 50. Kf4 Kg6 51. Rxa7 Nc5 52. a4 Nd3+ 53. Kg4 Nxe5+ 54. Kxh4 Nxc4 55. Rc7 Ne5 56. c4 f5 57. Kg3 Kf6 58. c5 bxc5 59. a5 Nc4 60. Rxc5 Nd6 61. a6 Ne4+ 62. Kg2 Nxc5 63. a7 1-0